| 000 | 01022cam a2200313 i 4500 | ||
|---|---|---|---|
| 999 |
_c28582 _d28553 |
||
| 001 | 1308610 | ||
| 003 | EG-ScBUE | ||
| 005 | 20200824104404.0 | ||
| 008 | 770602t1977 enka f b 001 0 eng d | ||
| 020 | _a0198740638 (pbk.) | ||
| 040 |
_aDLC _beng _erda _cDLC _dDLC _dEG-ScBUE |
||
| 082 | 0 | 4 |
_a301.36 _bJON _222 |
| 100 | 1 |
_aJones, Emrys, _d1920-2006, _eauthor. |
|
| 245 | 1 | 3 |
_aAn introduction to social geography / _cEmrys Jones and John Eyles. |
| 264 | 1 |
_aOxford : _bOxford University Press, _c[1977] |
|
| 264 | 4 | _cc1977 | |
| 300 |
_axi, 273 pages : _billustrations ; _c23 cm |
||
| 336 |
_2rdacontent _atext _btxt |
||
| 337 |
_2rdamedia _aunmediated _bn |
||
| 338 |
_2rdacarrier _avolume _bnc |
||
| 504 | _aIncludes bibliographical references and index. | ||
| 650 | 7 |
_aHuman geography. _2BUEsh |
|
| 650 | 7 |
_aSociology, Urban. _2BUEsh |
|
| 653 |
_bHHUUEENN _cJuly2020 |
||
| 655 |
_vReading book _934232 |
||
| 700 | 1 |
_aEyles, John, _ejoint author. |
|
| 906 |
_a7 _bcbc _corignew _d3 _encip _f19 _gy-gencatlg |
||
| 942 |
_2ddc _cBB |
||